Fancy nancy and the boy from paris / (Record no. 5026)

MARC details
000 -LEADER
fixed length control field 01051nam a22003017a 4500
001 - CONTROL NUMBER
control field 5026
003 - CONTROL NUMBER IDENTIFIER
control field FISKH
005 - DATE AND TIME OF LATEST TRANSACTION
control field 20241101102201.0
008 - FIXED-LENGTH DATA ELEMENTS--GENERAL INFORMATION
fixed length control field 241101b cb ||||| |||| 00| 0 eng d
020 ## - INTERNATIONAL STANDARD BOOK NUMBER
International Standard Book Number 9780061236099
040 ## - CATALOGING SOURCE
Original cataloging agency FISKH
Language of cataloging eng
Transcribing agency FISKH
Modifying agency FISKH
050 ## - LIBRARY OF CONGRESS CALL NUMBER
Classification number PZ7.O222
082 ## - DEWEY DECIMAL CLASSIFICATION NUMBER
Edition number 428
100 ## - MAIN ENTRY--PERSONAL NAME
Personal name O'Connor, Jane
Dates associated with a name (1947–)
245 ## - TITLE STATEMENT
Title Fancy nancy and the boy from paris /
Statement of responsibility, etc. by Jane O'Connor cover illustration by Robin Preiss Glasser interior illustrations by Ted Enik
250 ## - EDITION STATEMENT
Edition statement 2008
260 ## - PUBLICATION, DISTRIBUTION, ETC.
Place of publication, distribution, etc. New York :
Name of publisher, distributor, etc. HarperCollins,
Date of publication, distribution, etc. 2008.
300 ## - PHYSICAL DESCRIPTION
Extent 32 pages :
Other physical details Color illustrations ;
Dimensions 23 cm
505 ## - FORMATTED CONTENTS NOTE
Formatted contents note H<br/>
520 ## - SUMMARY, ETC.
Summary, etc. Nancy is delighted that the new boy in her class is from Paris and sets out to become his friend, then discovers that this Parisian is not quite as fancy as she had thought.
521 8# - TARGET AUDIENCE NOTE
Target audience note 420L<br/>
Source Lexile<br/>
521 8# - TARGET AUDIENCE NOTE
Target audience note H<br/>
Source Raz-Plus<br/>
650 ## - SUBJECT ADDED ENTRY--TOPICAL TERM
Source of heading or term Fiction
Topical term or geographic name entry element Paris
650 ## - SUBJECT ADDED ENTRY--TOPICAL TERM
Source of heading or term Fancy Nancy
Topical term or geographic name entry element Friendship
700 ## - ADDED ENTRY--PERSONAL NAME
Personal name Glasser, Preiss Robin
Dates associated with a name Illustrator
942 ## - ADDED ENTRY ELEMENTS (KOHA)
Source of classification or shelving scheme Dewey Decimal Classification
Koha item type Books
Suppress in OPAC No
Holdings
Withdrawn status Lost status Source of classification or shelving scheme Damaged status Not for loan Collection Home library Current library Shelving location Date acquired Total Checkouts Full call number Barcode Date last seen Date last checked out Copy number Price effective from Koha item type
    Dewey Decimal Classification     Fiction Footprints International School Library Network Toul Kork Campus Footprints International School Library Network Toul Kork Campus TK Primary Library Room(4th Floor), Bookcase 1&2, Shelves 1-16, Dark Blue Books 11/01/2024 1 CON 428 PZ7.O222 FISTK01215 04/09/2026 04/02/2026 1 11/01/2024 Books